000 00699nam a2200229Ia 4500
001 16700
003 GE_BSU
008 181216s||||||||xx |||||||||||||| ||und||
040 _cGE_BSU
080 _a82-93:821.161.1
100 _aკავერინი, ბ. (1902-1989)
245 _aორი კაპიტანი. ტ.2
245 _bრომანი
245 _cთარგმნა ნინო ქუჩუკაშვილმა.
260 _aთბილისი
260 _bსაბლიტგამი
260 _c1958
300 _a332 გვ. : ილ.22სმ.
653 _aორი კაპიტანი
653 _aრომანი
942 _cBK
999 _c49765
_d49765